[Event "Detroit (MI Op/5/22)"]
[Site "?"]
[Date "1992.??.??"]
[Round "?"]
[White "Skidmore, Jennifer"]
[Black "Martin, K."]
[Result "1/2-1/2"]
[WhiteElo "1925"]
[BlackElo "2055"]
[PlyCount "169"]
[EventDate "1992.??.??"]

{5/(22)} 1. e4 c6 2. d4 d5 3. e5 Bf5 4. f4 e6 5. Nf3 c5 6. Bb5+ Nc6 7. c3 Qb6
8. Qe2 c4 9. Ba4 Bd3 10. Qf2 Be7 11. Qg3 g6 12. Qf2 h5 13. h4 Nh6 14. Nh2 Qd8
15. Nf1 Nf5 16. g3 Be4 17. Rg1 Bd3 18. Nbd2 a6 19. Nf3 b5 20. Bc2 Bxc2 21. Qxc2
Qa5 22. Ne3 Ncxd4 23. Nxd4 Nxd4 24. Qd1 Nc6 25. Bd2 Bc5 26. Rg2 Qb6 27. Qe2 d4
28. Nf1 dxc3 29. Bxc3 O-O-O 30. Nd2 Rd3 31. O-O-O Re3 32. Qf1 Bd4 33. Bxd4 Qxd4
34. Nf3 Qa7 35. Rgd2 Rd8 36. Rd6 Rxd6 37. Rxd6 Nb4 38. Kb1 Rd3 39. a3 Rxd6 40.
exd6 Nd5 41. Ne5 Qe3 42. Qg2 Qe1+ 43. Ka2 Qd1 44. Qf2 Qb3+ 45. Ka1 Qd1+ 46. Ka2
Qb3+ 47. Ka1 Ne3 48. d7+ Kc7 49. Nxf7 Qd1+ 50. Ka2 Qb3+ 51. Kb1 Qd3+ 52. Ka2
Qb3+ 53. Kb1 Kxd7 54. Qd2+ Qd3+ 55. Qxd3+ cxd3 56. Ne5+ Kd6 57. Kc1 d2+ 58.
Kxd2 Nc4+ 59. Nxc4+ bxc4 60. Kc3 Kc5 61. b4+ cxb3 62. Kxb3 Kd4 63. Kb4 Ke4 64.
Ka5 Kf3 65. Kxa6 Kxg3 66. Kb6 Kxf4 67. a4 e5 68. a5 e4 69. a6 e3 70. a7 e2 71.
a8=Q e1=Q 72. Qd8 Qb4+ 73. Kc6 Qc4+ 74. Kb6 Kg3 75. Qd6+ Kxh4 76. Qxg6 Qg4 77.
Qf6+ Kg3 78. Qc3+ Qf3 79. Qg7+ Kf2 80. Qb2+ Kg1 81. Qg7+ Kh2 82. Qe5+ Kg1 83.
Qg7+ Qg2 84. Qa1+ Kh2 85. Qe5+ 1/2-1/2

[Event "Flint (Class A/3)"]
[Site "?"]
[Date "1992.??.??"]
[Round "?"]
[White "Skidmore, Jennifer"]
[Black "Grossman, Jay"]
[Result "1/2-1/2"]
[WhiteElo "1980"]
[BlackElo "1810"]
[PlyCount "183"]
[EventDate "1992.??.??"]

1. e4 c5 2. Nc3 Nc6 3. f4 d6 4. Bb5 Qc7 5. Nf3 a6 6. Bxc6+ bxc6 7. O-O Nf6 8.
d3 g6 9. Bd2 Bg7 10. Qe1 O-O 11. Ne2 Bd7 12. Ng3 Rab8 13. Rb1 Rfe8 14. e5 Nd5
15. a3 Qb6 16. c4 Nc7 17. Ng5 d5 18. Kh1 dxc4 19. dxc4 Ne6 20. N3e4 Nd4 21. Qh4
h6 22. Nf3 Bf5 23. Nxd4 Bxe4 24. Rbe1 cxd4 25. Rxe4 Qxb2 26. Bb4 e6 27. Qg3 Bf8
28. f5 exf5 29. e6 Bxb4 30. axb4 Qxb4 31. exf7+ Kxf7 32. Qc7+ Kf8 33. Rxd4 Qe7
34. Qxc6 Rb1 35. Rdf4 Rxf1+ 36. Rxf1 Qe6 37. Qc5+ Kf7 38. h3 Rc8 39. Qa7+ Kg8
40. c5 Qc6 41. Re1 Rc7 42. Qb6 Qxb6 43. cxb6 Rb7 44. Re6 Kf7 45. Rc6 Rb8 46.
Kg1 a5 47. Rc7+ Kf6 48. Rc6+ Kg5 49. Rc5 Rxb6 50. Rxa5 Rb2 51. Ra4 f4 52. Rc4
Rd2 53. Kf1 Kf5 54. Rc6 h5 55. Rc5+ Ke6 56. Rg5 Kf6 57. Rc5 Rd3 58. Ke2 Re3+
59. Kf2 Re5 60. Rc4 Kf5 61. Rc7 Kg5 62. Rc4 Kf5 63. Rc7 g5 64. Rf7+ Ke4 65. Rc7
g4 66. Rc4+ Kf5 67. Rc8 gxh3 68. Rf8+ Kg5 69. gxh3 Re3 70. h4+ Kg4 71. Rf6 Rh3
72. Rg6+ Kxh4 73. Rg7 Rg3 74. Rf7 Kg4 75. Rg7+ Kh3 76. Rf7 Rg4 77. Rf5 h4 78.
Kf3 Rg3+ 79. Kf2 Kg4 80. Rf6 h3 81. Rg6+ Kh4 82. Rh6+ Kg5 83. Rh8 Kf5 84. Rf8+
Ke4 85. Re8+ Kd5 86. Rd8+ Ke6 87. Re8+ Kf7 88. Rh8 Kg7 89. Rh4 Rb3 90. Rxf4 Kg6
91. Rh4 Rb2+ 92. Kg3 1/2-1/2

[Event "Ann Arbor (HVA/1/4)"]
[Site "?"]
[Date "1992.??.??"]
[Round "?"]
[White "Skidmore, Jennifer"]
[Black "Griffin, John"]
[Result "1-0"]
[WhiteElo "1925"]
[BlackElo "1625"]
[PlyCount "124"]
[EventDate "1992.??.??"]

{1/(4)} 1. e4 c5 2. Nc3 Nc6 3. f4 e6 4. Nf3 d5 5. Bb5 Nge7 6. O-O a6 7. Bxc6+
bxc6 8. d3 Qc7 9. Qe1 Ng6 10. Ng5 Bd6 11. g3 h6 12. Nf3 O-O 13. Qf2 Rb8 14. Nd1
c4 15. e5 Bb4 16. c3 Ba5 17. dxc4 dxc4 18. Be3 Ne7 19. Bc5 Bb6 20. Rb1 Qa7 21.
Bxb6 Qxb6 22. Ne3 Bb7 23. Nxc4 Qxf2+ 24. Rxf2 Rfd8 25. Nd4 Ba8 26. g4 c5 27.
Nb3 Bd5 28. Nbd2 Rd7 29. b3 Bxc4 30. Nxc4 Rd3 31. Nd6 Rd8 32. c4 f6 33. Ne4
fxe5 34. Nxc5 Rd2 35. Re1 Ng6 36. fxe5 Rxf2 37. Kxf2 Rf8+ 38. Kg3 Rd8 39. Re2
a5 40. h4 Kf7 41. h5 Nf8 42. Kf3 Rd4 43. Nb7 a4 44. Nd6+ Ke7 45. Nb5 Rd3+ 46.
Re3 Rd2 47. Nc3 Nd7 48. bxa4 Nb6 49. Ke4 Nxc4 50. Re1 Rc2 51. Kd3 Na3 52. a5
Rg2 53. a6 Nb5 54. Nxb5 Rxa2 55. Nc7 Kd7 56. Rc1 Ra5 57. Rc4 Ra3+ 58. Kd4 Ra5
59. Ke4 Ra3 60. Nb5 Rxa6 61. Rc7+ Kd8 62. Rxg7 Ra4+ 1-0

[Event "Detroit (MI Op/1a/9)"]
[Site "?"]
[Date "1992.??.??"]
[Round "?"]
[White "Skidmore, Jennifer"]
[Black "Finegold, Mark"]
[Result "1-0"]
[WhiteElo "1925"]
[BlackElo "2235"]
[PlyCount "55"]
[EventDate "1992.??.??"]

1. e4 c5 2. Nc3 Nc6 3. f4 g6 4. Nf3 Bg7 5. Bb5 Nh6 6. O-O O-O 7. Bxc6 bxc6 8.
Qe1 f5 9. d3 d6 10. e5 dxe5 11. Nxe5 Bb7 12. Be3 Nf7 13. Nxf7 Rxf7 14. Bxc5 Qa5
15. d4 Ba6 16. Rf3 Rd8 17. Qf2 Rd7 18. Nd1 Qd8 19. c3 Bc4 20. Ne3 Bd3 21. Nf1
Be4 22. Re3 Qc7 23. Nd2 Bh6 24. Rf1 Qa5 25. b4 Qa6 26. Qh4 Bf8 27. Ra1 Qa3 28.
Nc4 1-0

[Event "Detroit (MI Action/2)"]
[Site "?"]
[Date "1992.??.??"]
[Round "?"]
[White "Skidmore, Jennifer"]
[Black "Finegold, Ben"]
[Result "0-1"]
[WhiteElo "1900"]
[BlackElo "2550"]
[PlyCount "56"]
[EventDate "1992.??.??"]

1. e4 e6 2. d4 d5 3. exd5 exd5 4. Bd3 Nc6 5. c3 Bd6 6. Nf3 Nge7 7. O-O Bg4 8.
Bg5 f6 9. Bh4 Qd7 10. Nbd2 O-O-O 11. b4 g5 12. Bg3 Ng6 13. Qc2 Nce7 14. a4 Nf4
15. Bb5 c6 16. Bxf4 Bxf4 17. Bd3 h5 18. b5 h4 19. bxc6 Nxc6 20. h3 Be6 21. Rae1
Kb8 22. Nb3 Bxh3 23. gxh3 Qxh3 24. Nc5 Qg4+ 25. Kh1 Qxf3+ 26. Kg1 Qg4+ 27. Kh1
Qh3+ 28. Kg1 Qh2# 0-1

[Event "Detroit (MI Op/3/5)"]
[Site "?"]
[Date "1992.??.??"]
[Round "?"]
[White "Skidmore, Jennifer"]
[Black "Feldman, Steve"]
[Result "0-1"]
[WhiteElo "1925"]
[BlackElo "2290"]
[PlyCount "140"]
[EventDate "1992.??.??"]

{3/(5)} 1. e4 Nc6 2. d4 d5 3. e5 Bf5 4. Nf3 e6 5. Bb5 Nge7 6. Bg5 h6 7. Be3 a6
8. Be2 Bg4 9. c3 Nf5 10. Bf4 Be7 11. Nbd2 O-O 12. h3 Bxf3 13. Nxf3 Nh4 14. Nxh4
Bxh4 15. Bg4 f5 16. exf6 Qxf6 17. g3 Bg5 18. Qd2 Bxf4 19. gxf4 Rae8 20. O-O-O
Qxf4 21. f3 Qxd2+ 22. Rxd2 g6 23. Rg1 Kf7 24. h4 h5 25. Bh3 Ne7 26. Bf1 Nf5 27.
Rh2 e5 28. dxe5 Rxe5 29. Bd3 Rfe8 30. Kd2 Kf6 31. Bxf5 Rxf5 32. Rhg2 Rg8 33.
Ke3 c6 34. f4 Kf7 35. Rg5 Re8+ 36. Kf3 Rxg5 37. fxg5 Re4 38. Rh1 Ke6 39. Rh2
Kf5 40. Kg3 Re3+ 41. Kf2 Kf4 42. a3 c5 43. Rh1 d4 44. cxd4 cxd4 45. Rc1 Rb3 46.
Rc2 Rf3+ 47. Kg2 Ke3 48. b4 Rf5 49. Rc7 d3 50. Rxb7 Rd5 51. Re7+ Kf4 52. Re1 d2
53. Rd1 Ke3 54. a4 Ke2 55. Rxd2+ Rxd2 56. b5 axb5 57. axb5 Rb2 58. Kg3 Rxb5 59.
Kf4 Rb4+ 60. Ke5 Kf3 61. Kf6 Rb6+ 62. Kg7 Kg4 63. Kh6 Kxh4 64. Kh7 Kxg5 65. Kg7
Rb7+ 66. Kf8 h4 67. Kg8 h3 68. Kf8 h2 69. Kg8 h1=R 70. Kf8 Rh8# 0-1

[Event "East Lansing (MI Am/1)"]
[Site "?"]
[Date "1992.??.??"]
[Round "?"]
[White "Skidmore, Jennifer"]
[Black "Duke, Daniel"]
[Result "1-0"]
[WhiteElo "1920"]
[BlackElo "1605"]
[PlyCount "65"]
[EventDate "1992.??.??"]

1. e4 c5 2. Nc3 d6 3. f4 g6 4. Nf3 Nf6 5. Bb5+ Bd7 6. Bxd7+ Nbxd7 7. d3 Bg7 8.
Bd2 O-O 9. Qe2 Qb6 10. O-O-O a5 11. Rdg1 Qd8 12. g4 Nb8 13. h4 Nc6 14. Qh2 Nd7
15. h5 h6 16. hxg6 Nd4 17. Nxd4 cxd4 18. gxf7+ Kxf7 19. Qh5+ Kg8 20. Ne2 Qe8
21. Qh3 Kf7 22. g5 Rh8 23. Qf5+ Kg8 24. gxh6 Qf7 25. Qxf7+ Kxf7 26. Rxg7+ Ke8
27. Nxd4 Nf8 28. f5 Nh7 29. Rhg1 Nf6 30. Bg5 Ra6 31. Bxf6 exf6 32. Rg8+ Rxg8
33. Rxg8+ 1-0

[Event "Flint (Class C/4)"]
[Site "?"]
[Date "1992.??.??"]
[Round "?"]
[White "Shull, D."]
[Black "Solski, Jeff"]
[Result "1-0"]
[WhiteElo "1605"]
[BlackElo "1605"]
[PlyCount "93"]
[EventDate "1992.??.??"]

1. d4 Nf6 2. c4 g6 3. Nc3 Bg7 4. e4 d6 5. Bg5 a6 6. Qd2 c6 7. Nge2 b5 8. Ng1
Qa5 9. Bd3 Nbd7 10. Nf3 c5 11. b3 cxd4 12. Nxd4 Bb7 13. f3 Nc5 14. O-O Nfxe4
15. Bxe4 Nxe4 16. fxe4 b4 17. Nd5 Bxd5 18. exd5 h5 19. Rae1 O-O 20. Rxe7 Rae8
21. Qf2 Qc5 22. Bf6 Rxe7 23. Bxg7 Kxg7 24. Qf6+ Kg8 25. Qxe7 Qxd4+ 26. Kh1 Qe5
27. Qb7 Qe2 28. Ra1 Qb2 29. Re1 Qd2 30. Qe7 Qxa2 31. Qe3 a5 32. h3 Qb2 33. c5
dxc5 34. d6 Qd4 35. Qe7 c4 36. Re4 Qd1+ 37. Re1 Qxb3 38. d7 c3 39. d8=Q Rxd8
40. Qxd8+ Kg7 41. Qd4+ Kh7 42. Re8 Kh6 43. h4 f6 44. Qxf6 Qd1+ 45. Kh2 Qd7 46.
Rh8+ Qh7 47. Qf8# 1-0

[Event "Flint (Class C/1)"]
[Site "?"]
[Date "1992.??.??"]
[Round "?"]
[White "Shull, D."]
[Black "Rubel, J."]
[Result "0-1"]
[WhiteElo "1605"]
[BlackElo "1605"]
[PlyCount "112"]
[EventDate "1992.??.??"]

1. d4 Nf6 2. c4 g6 3. Bg5 Bg7 4. Nc3 O-O 5. Qd2 d6 6. e4 c6 7. h4 Qc7 8. Bh6
Nbd7 9. h5 e5 10. Nf3 exd4 11. Nxd4 Nc5 12. Bxg7 Kxg7 13. hxg6 fxg6 14. Qh6+
Kg8 15. f3 Qg7 16. Qg5 Nh5 17. O-O-O Be6 18. Nxe6 Nxe6 19. Qd2 Rad8 20. Ne2 Qe5
21. Kb1 a5 22. Qh6 Rf7 23. Nc3 Ra8 24. Bd3 Qf4 25. Qxf4 Nhxf4 26. Rhg1 a4 27.
a3 Nc5 28. Bc2 Nb3 29. Bxb3 axb3 30. Rxd6 Re7 31. Rgd1 Kf7 32. R1d2 Ra5 33. g3
Ne6 34. Rd7 Rg5 35. Rxe7+ Kxe7 36. Rg2 h5 37. f4 Nxf4 38. Rf2 Rxg3 39. Kc1 Nd3+
40. Kd2 Nxf2 41. Ne2 Nxe4+ 42. Ke1 Rf3 43. a4 h4 44. Nd4 Rf8 45. Ke2 h3 46. Nf3
h2 47. Nxh2 Rf2+ 48. Kd3 Rxh2 49. a5 g5 50. c5 Ke6 51. Kc4 Rxb2 52. Kd4 Ra2 53.
Kxe4 b2 54. Kd4 Ra4+ 55. Kc3 b1=Q 56. Kd2 Qb3 0-1

[Event "Flint (Class C/2)"]
[Site "?"]
[Date "1992.??.??"]
[Round "?"]
[White "Shull, D."]
[Black "Fletcher, G."]
[Result "0-1"]
[WhiteElo "1605"]
[BlackElo "1605"]
[PlyCount "108"]
[EventDate "1992.??.??"]

1. d4 Nf6 2. c4 d5 3. b3 Bf5 4. Nc3 e6 5. Nf3 Bb4 6. Bd2 Nc6 7. a3 Bxc3 8. Bxc3
Ne4 9. Bb2 O-O 10. e3 Qf6 11. Bd3 Bg4 12. Be2 Rfe8 13. h3 Bxf3 14. Bxf3 Qh4 15.
g3 Nxg3 16. fxg3 Qxg3+ 17. Kd2 dxc4 18. Rg1 Qxh3 19. Rh1 Qf5 20. e4 Qf4+ 21.
Ke2 e5 22. d5 Nd4+ 23. Bxd4 exd4 24. Qxd4 cxb3 25. Rag1 f6 26. Rg4 Qd6 27. Qe3
f5 28. Rgh4 h6 29. Rg1 Qe7 30. Qxh6 Qe5 31. Qh7+ Kf8 32. Bh5 Qb2+ 33. Kf1 Qb1+
34. Kf2 Qc2+ 35. Kf3 fxe4+ 36. Rxe4 Qxe4+ 37. Qxe4 Rxe4 38. Kxe4 a5 39. Kd4 Ra6
40. Re1 g6 41. Rg1 gxh5 42. Rf1+ Kg7 43. Rg1+ Kh6 44. Rb1 a4 45. Kc4 h4 46. Rh1
Kh5 47. Kb5 Rb6+ 48. Kxa4 b2 49. Rb1 h3 50. Ka5 h2 51. d6 Rxd6 52. Rxb2 h1=Q
53. Rxb7 Qxb7 54. Ka4 Ra6# 0-1

[Event "Flint (Class DE/4)"]
[Site "?"]
[Date "1992.??.??"]
[Round "?"]
[White "Shoulders, C."]
[Black "Scott, A."]
[Result "1-0"]
[WhiteElo "1605"]
[BlackElo "1605"]
[PlyCount "80"]
[EventDate "1992.??.??"]

1. d4 d5 2. c4 Nf6 3. g3 e6 4. Bg2 Be7 5. Nf3 Nc6 6. O-O b6 7. Qc2 dxc4 8. Ne5
Nxd4 9. Qxc4 Rb8 10. Rd1 Bc5 11. Be3 Nd7 12. Bxd4 Nxe5 13. Qc3 Bxd4 14. Rxd4
Nd7 15. Qb4 a5 16. Qa3 c5 17. Rd2 O-O 18. Nc3 Qg5 19. Ne4 Qg6 20. Rad1 Bb7 21.
f3 Nf6 22. Qa4 Bxe4 23. fxe4 b5 24. Qc2 e5 25. Qd3 h6 26. b3 a4 27. Rf1 axb3
28. axb3 Rfd8 29. Qe3 Rxd2 30. Qxd2 Rc8 31. Qc2 c4 32. Qc3 Nxe4 33. Qxe5 Nf6
34. Qxb5 c3 35. Rc1 c2 36. Qb7 Rc3 37. Qb8+ Kh7 38. Qf4 Nd5 39. Qd2 Ne3 40.
Qxc3 f5 1-0

[Event "Flint (Class DE/3)"]
[Site "?"]
[Date "1992.??.??"]
[Round "?"]
[White "Shoulders, C."]
[Black "McElhiney, K."]
[Result "0-1"]
[WhiteElo "1605"]
[BlackElo "1605"]
[PlyCount "58"]
[EventDate "1992.??.??"]

1. d4 d5 2. c4 Nf6 3. Nf3 Nc6 4. g3 e6 5. Bg2 Bd6 6. O-O O-O 7. c5 Be7 8. Nc3
b6 9. b3 bxc5 10. Ne5 Nxe5 11. dxe5 Ng4 12. Bf4 f6 13. Nxd5 Rb8 14. Nxe7+ Qxe7
15. exf6 Nxf6 16. e4 Rd8 17. Qc2 e5 18. Bg5 Rb6 19. f4 Ba6 20. Rf2 h6 21. fxe5
Qxe5 22. Rf5 Qxa1+ 23. Qc1 Qxc1+ 24. Bxc1 Rd1+ 25. Bf1 Rxf1+ 26. Rxf1 Bxf1 27.
Kxf1 Nxe4 28. Bf4 Rb7 29. Kg2 Nc3 0-1

[Event "Detroit (MOR/6/102)"]
[Site "?"]
[Date "1992.??.??"]
[Round "?"]
[White "Shields, S."]
[Black "Raupp, Sarah"]
[Result "1-0"]
[WhiteElo "1605"]
[BlackElo "1605"]
[PlyCount "65"]
[EventDate "1992.??.??"]

{6/(102)} 1. d4 f5 2. c4 e6 3. Nf3 b6 4. Nbd2 Bb4 5. a3 Bd6 6. e3 Bb7 7. Bd3
Nf6 8. Qe2 O-O 9. e4 fxe4 10. Nxe4 Nxe4 11. Bxe4 Bxe4 12. Qxe4 Nc6 13. Ng5 g6
14. O-O Qf6 15. Be3 Qf5 16. Qh4 h5 17. f4 Qd3 18. Qg3 Qxc4 19. Ne4 Kg7 20. Nxd6
cxd6 21. Rac1 Qd5 22. Rcd1 Ne7 23. Bf2 Nf5 24. Qg5 Rac8 25. Rd2 Rc6 26. Rd3
Rfc8 27. Rh3 Rc1 28. Rc3 R1xc3 29. bxc3 Rxc3 30. Qd8 Qc4 31. Qxd7+ Kf6 32. Qd8+
Ne7 33. Qf8# 1-0

[Event "Detroit (MOR/1a/45)"]
[Site "?"]
[Date "1992.??.??"]
[Round "?"]
[White "Shields, S."]
[Black "Cook, P."]
[Result "0-1"]
[WhiteElo "1605"]
[BlackElo "1650"]
[PlyCount "92"]
[EventDate "1992.??.??"]

1. d4 Nf6 2. c4 e6 3. Nc3 d5 4. Bf4 c6 5. e3 Ne4 6. Qc2 Bb4 7. Nge2 Qa5 8. g3
Nxc3 9. bxc3 Be7 10. Bg2 g5 11. Be5 f6 12. Bxb8 Rxb8 13. O-O Kf7 14. Rab1 Qc7
15. f4 g4 16. Rf2 h5 17. e4 h4 18. cxd5 cxd5 19. exd5 exd5 20. Bxd5+ Be6 21.
Bxe6+ Kxe6 22. f5+ Kf7 23. Qb3+ Kg7 24. Nf4 Kh6 25. Qf7 Rbg8 26. Qh5+ Kg7 27.
Qxg4+ Kf7 28. Qe2 hxg3 29. Qe6+ Kf8 30. hxg3 Rxg3+ 31. Ng2 Rxc3 32. Nf4 Rg3+
33. Ng2 Rgg8 34. Kf1 Rh1+ 35. Ke2 Rxb1 36. Qe4 Rb2+ 37. Kf1 Rxf2+ 38. Kxf2 Bd6
39. Ke2 Qc4+ 40. Kf3 Rg3+ 41. Kf2 Qxa2+ 42. Kf1 Qa1+ 43. Ne1 Bb4 44. Qe6 Qxe1+
45. Qxe1 Bxe1 46. Kxe1 Rd3 0-1

[Event "Detroit (MOR/4/96)"]
[Site "?"]
[Date "1992.??.??"]
[Round "?"]
[White "Shields, B."]
[Black "Mitchell, Dave"]
[Result "1-0"]
[WhiteElo "1605"]
[BlackElo "1605"]
[PlyCount "65"]
[EventDate "1992.??.??"]

{4/(96)} 1. d4 Nf6 2. Nf3 e6 3. e3 d5 4. Bd3 Be7 5. Nbd2 b6 6. O-O h6 7. e4
dxe4 8. Nxe4 Bb7 9. Re1 O-O 10. c3 Nbd7 11. Qc2 Nxe4 12. Bxe4 Bxe4 13. Rxe4 Nf6
14. Re2 Rc8 15. Ne5 c5 16. Qa4 cxd4 17. Nc6 Qd7 18. Nxe7+ Qxe7 19. Qxd4 Rfd8
20. Qa4 Rc4 21. Qc2 b5 22. Bd2 Ne4 23. Rd1 Nxd2 24. Rexd2 Rxd2 25. Rxd2 g6 26.
Qd1 Rc8 27. Rd7 Qe8 28. Rxa7 Rd8 29. Qf3 Rd5 30. h3 f5 31. Qf4 Qf8 32. Qc7 Rd8
33. Qh7# 1-0

[Event "Detroit (MOR/6/95)"]
[Site "?"]
[Date "1992.??.??"]
[Round "?"]
[White "Shields, B."]
[Black "MacLean, C."]
[Result "1-0"]
[WhiteElo "1605"]
[BlackElo "1605"]
[PlyCount "55"]
[EventDate "1992.??.??"]

{6/(95)} 1. d4 Nf6 2. Nf3 e6 3. e3 Bb4+ 4. c3 Ba5 5. Bd3 d5 6. Nbd2 Nc6 7. O-O
Bd7 8. c4 Nb4 9. Be2 Bc6 10. cxd5 Nbxd5 11. Nc4 Bb4 12. Nfe5 Bb5 13. b3 O-O 14.
a3 Nc3 15. Qc2 Nxe2+ 16. Qxe2 Be7 17. a4 Ba6 18. Qf3 Qd5 19. Qf4 Nh5 20. Qg4 f6
21. e4 f5 22. Qxh5 fxe4 23. Be3 Rf5 24. Qg4 Raf8 25. Bh6 Bf6 26. Rad1 Kh8 27.
Be3 Rg8 28. Nf7# 1-0

[Event "Detroit (MOR/2/100)"]
[Site "?"]
[Date "1992.??.??"]
[Round "?"]
[White "Shields, B."]
[Black "Krzyston, Joe"]
[Result "1-0"]
[WhiteElo "1605"]
[BlackElo "1605"]
[PlyCount "95"]
[EventDate "1992.??.??"]

{2/(100)} 1. d4 Nf6 2. Nf3 e6 3. e3 Nc6 4. Bd3 Bb4+ 5. c3 Be7 6. Nbd2 O-O 7.
O-O d5 8. e4 b6 9. Re1 Bb7 10. e5 Ne8 11. Nf1 f6 12. Nh4 fxe5 13. Qh5 Nf6 14.
Qe2 e4 15. Bc2 e5 16. Be3 Bc8 17. g3 a6 18. f3 exf3 19. Nxf3 e4 20. N3d2 Bg4
21. Qg2 Qd7 22. Bb3 b5 23. Nxe4 Nxe4 24. Qxe4 Be6 25. Qg2 b4 26. Bf4 Na5 27.
Rxe6 Nxb3 28. Rxe7 Qxe7 29. axb3 Qe4 30. Qxe4 dxe4 31. Bxc7 Rac8 32. Bd6 Rfd8
33. Bxb4 Ra8 34. Re1 Re8 35. Re3 a5 36. Bd6 a4 37. bxa4 Rxa4 38. Be5 Ra2 39. b4
Rf8 40. Bf4 g5 41. Rxe4 gxf4 42. gxf4 Rc2 43. Ne3 Rxc3 44. Nd5 Rb3 45. Kf2 Rc8
46. Ne7+ Kf7 47. Nxc8 Rxb4 48. Kf3 1-0

[Event "Flint (MEX/2)"]
[Site "?"]
[Date "1992.??.??"]
[Round "?"]
[White "Sherbel, Steve"]
[Black "O'Donnell, Robert"]
[Result "1/2-1/2"]
[WhiteElo "2030"]
[BlackElo "2265"]
[PlyCount "73"]
[EventDate "1992.??.??"]

1. d4 Nf6 2. c4 e6 3. Nc3 Bb4 4. Bd2 c5 5. e3 O-O 6. Nf3 cxd4 7. exd4 d5 8. a3
Be7 9. c5 b6 10. b4 bxc5 11. bxc5 Nc6 12. Bb5 Bd7 13. O-O Ne4 14. Re1 Rb8 15.
Rb1 Nxd2 16. Qxd2 Qc7 17. Rb2 Bf6 18. Reb1 g6 19. h3 Kg7 20. Bxc6 Bxc6 21. Nb5
Bxb5 22. Rxb5 Rxb5 23. Rxb5 Rb8 24. Rxb8 Qxb8 25. Qb4 Qc7 26. Qc3 Kf8 27. g4 h6
28. Kf1 Ke8 29. Qb4 Qf4 30. Kg2 Qc7 31. Nd2 Bg5 32. Qb5+ Kd8 33. Nb3 Qf4 34.
Na5 Qe4+ 35. Kg1 Qe1+ 36. Kg2 Qe4+ 37. Kg1 1/2-1/2

[Event "Flint (MEX/4)"]
[Site "?"]
[Date "1992.??.??"]
[Round "?"]
[White "Sherbel, Steve"]
[Black "Everett, Morgan"]
[Result "0-1"]
[WhiteElo "2030"]
[BlackElo "2150"]
[PlyCount "116"]
[EventDate "1992.??.??"]

1. d4 Nf6 2. c4 e6 3. Nc3 c5 4. d5 exd5 5. cxd5 d6 6. e4 g6 7. f3 Bg7 8. Bg5
Na6 9. Qd2 h6 10. Be3 Nc7 11. Bd3 a6 12. a4 Qe7 13. Nge2 b6 14. O-O Nd7 15. f4
O-O 16. Rae1 Nf6 17. h3 Bb7 18. g4 b5 19. Ng3 b4 20. Nce2 Rae8 21. f5 g5 22.
Bxg5 hxg5 23. Qxg5 Nh7 24. Qxg7+ Kxg7 25. f6+ Nxf6 26. Nf5+ Kh8 27. Nxe7 Nxg4
28. Nf5 Ne5 29. Nxd6 Rg8+ 30. Kh2 Nxd3 31. Rd1 Nxb2 32. Rd2 Nxa4 33. Nxb7 Rxe4
34. d6 Ne6 35. d7 b3 36. d8=Q Nxd8 37. Nxd8 b2 38. Nxf7+ Kh7 39. Ng3 Rb4 40.
Rd6 b1=Q 41. Rh6+ Kg7 42. Nh5+ Kf8 43. Rxb1 Rxb1 44. Ne5 Rb2+ 45. Kh1 Rg5 46.
Nc4 Rc2 47. Nd6 Rd5 48. Rh8+ Ke7 49. Nc8+ Kf7 50. Rh7+ Kg6 51. Ne7+ Kxh7 52.
Nxd5 Nc3 53. Ne3 Re2 54. Nf6+ Kg6 55. Nfg4 a5 56. Kg1 a4 57. Ne5+ Kh7 58. N3c4
a3 0-1

[Event "Detroit (MOR/5/65)"]
[Site "?"]
[Date "1992.??.??"]
[Round "?"]
[White "Shelters, Richard"]
[Black "Smith, Rob"]
[Result "0-1"]
[WhiteElo "1605"]
[BlackElo "1700"]
[PlyCount "118"]
[EventDate "1992.??.??"]

{5/(65)} 1. e4 c5 2. Nf3 d6 3. Nc3 Nf6 4. Bb5+ Nbd7 5. d4 cxd4 6. Qxd4 e5 7.
Qc4 a6 8. Qa4 Be7 9. Bg5 O-O 10. Bc4 b5 11. Bxb5 Nb6 12. Qa3 axb5 13. Qb3 Be6
14. Qxb5 Bc4 15. Qc6 Qb8 16. Be3 Rc8 17. Qxb6 Qxb6 18. Bxb6 Rcb8 19. Nd2 Be6
20. Be3 Rxb2 21. O-O Rc8 22. Na4 Rbxc2 23. Nb6 R8c6 24. a4 Rxd2 25. Bxd2 Rxb6
26. a5 Ra6 27. f3 d5 28. Rfb1 h6 29. exd5 Nxd5 30. Rb8+ Kh7 31. Kf2 Bc5+ 32.
Ke2 Nf4+ 33. Bxf4 Bc4+ 34. Kd2 exf4 35. Ra4 Be3+ 36. Kc3 Bf1 37. g3 fxg3 38.
hxg3 Rc6+ 39. Kb3 Be2 40. Re4 Bd1+ 41. Kb4 Bd2+ 42. Kb5 Bxf3 43. Rd4 Be3 44.
Rc4 Re6 45. Rbc8 Be2 46. a6 Re5+ 47. Kb4 Bd2+ 48. Kb3 Bd1+ 49. Rc2 Ra5 50. R8c6
Bf3 51. R2c5 Bd1+ 52. Kc4 Be2+ 53. Kd5 Rxa6 54. Kd6 Bb4 55. Rxa6 Bxa6 56. Kd5
Bxc5 57. Kxc5 Kg6 58. Kd4 Kf5 59. Ke3 h5 0-1

[Event "Flint (Class DE/5)"]
[Site "?"]
[Date "1992.??.??"]
[Round "?"]
[White "Shelters, Richard"]
[Black "Sabo, B."]
[Result "0-1"]
[WhiteElo "1605"]
[BlackElo "1605"]
[PlyCount "72"]
[EventDate "1992.??.??"]

1. e4 e5 2. Nf3 Nc6 3. Bb5 Nge7 4. d4 Nxd4 5. Nxd4 exd4 6. Qxd4 Ng6 7. O-O b6
8. Nc3 Be7 9. e5 c6 10. Bd3 Nf8 11. Re1 Ne6 12. Qg4 Qc7 13. Bf4 d6 14. Bf5 g5
15. Bd2 h5 16. Qe2 Bb7 17. b3 O-O-O 18. a3 Kb8 19. b4 Qc8 20. Ne4 Nd4 21. Qd3
Nxf5 22. Bxg5 d5 23. Bxe7 Nxe7 24. Nd6 Qe6 25. a4 Rhg8 26. a5 b5 27. Qc3 d4 28.
Qxd4 c5 29. Qxc5 Qh3 30. Kf1 Bxg2+ 31. Ke2 Qg4+ 32. Kd3 Qg6+ 33. Kc3 Rc8 34.
Nxc8 Rxc8 35. Qxc8+ Kxc8 36. Re3 Nd5+ 0-1

[Event "Detroit (MOR/6/70)"]
[Site "?"]
[Date "1992.??.??"]
[Round "?"]
[White "Shelters, Richard"]
[Black "Raupp, Helene"]
[Result "0-1"]
[WhiteElo "1605"]
[BlackElo "1625"]
[PlyCount "76"]
[EventDate "1992.??.??"]

{6/(70)} 1. e4 e6 2. Nf3 d5 3. e5 c5 4. c3 Qb6 5. d4 Nc6 6. b3 Nge7 7. Bb2 Ng6
8. Bd3 Be7 9. O-O Bd7 10. Nbd2 Nf4 11. Qc2 Nxd3 12. Qxd3 c4 13. Qc2 Na5 14. b4
Nc6 15. h3 f6 16. exf6 gxf6 17. Rfe1 O-O-O 18. a4 Rdg8 19. Nf1 Qc7 20. Bc1 Bd6
21. Kh1 h5 22. b5 Ne7 23. Ba3 Ng6 24. Bxd6 Qxd6 25. g3 e5 26. dxe5 fxe5 27. h4
Bg4 28. N3h2 Rf8 29. Nxg4 hxg4 30. Nh2 e4 31. Nxg4 Nxh4 32. gxh4 Rxh4+ 33. Kg2
Rxg4+ 34. Kf1 Qh2 35. Rac1 Rg1+ 36. Ke2 Rxf2+ 37. Kd1 Rxe1+ 38. Kxe1 Qg1# 0-1

[Event "Lansing (Aug)"]
[Site "?"]
[Date "1992.??.??"]
[Round "?"]
[White "Shelters, Richard"]
[Black "Carr, James"]
[Result "1-0"]
[WhiteElo "1605"]
[BlackElo "1605"]
[PlyCount "68"]
[EventDate "1992.??.??"]

1. e4 c5 2. Bc4 e6 3. Nf3 d5 4. exd5 exd5 5. Qe2+ Be7 6. Bb5+ Nd7 7. Nc3 Ngf6
8. d4 b6 9. Bc6 Rb8 10. Bf4 O-O 11. Bxb8 Nxb8 12. Bxd5 cxd4 13. Bxf7+ Rxf7 14.
Ne4 Bb4+ 15. c3 dxc3 16. bxc3 Bxc3+ 17. Nxc3 Re7 18. Ne5 Qd4 19. O-O Qxe5 20.
Qxe5 Rxe5 21. Rfd1 Re8 22. f3 Nbd7 23. Nb5 a6 24. Nd6 Rd8 25. Nxc8 Rxc8 26. g4
Nf8 27. Rd6 Rc3 28. Kg2 Rc2+ 29. Kg3 Rb2 30. a4 a5 31. Rc1 Rb4 32. Rc8 h6 33.
Rb8 Rxa4 34. Rdxb6 Nd5 1-0

[Event "Flint (Class DE/1)"]
[Site "?"]
[Date "1992.??.??"]
[Round "?"]
[White "Shelters, Richard"]
[Black "Boyer, Mike"]
[Result "1-0"]
[WhiteElo "1605"]
[BlackElo "1605"]
[PlyCount "81"]
[EventDate "1992.??.??"]

1. e4 e5 2. Nf3 Nc6 3. Bb5 d6 4. d4 a6 5. Ba4 b5 6. Bb3 Nf6 7. Bg5 h6 8. Bh4
Be7 9. Nc3 b4 10. Nd5 a5 11. c3 bxc3 12. Nxc3 Nd7 13. Bxe7 Qxe7 14. Nd5 Qd8 15.
Ba4 Bb7 16. Rc1 Ra6 17. Bb5 Ra7 18. Bxc6 Bxc6 19. Rxc6 O-O 20. O-O Qa8 21. Rxc7
Rxc7 22. Nxc7 Qb8 23. Nd5 Qxb2 24. Qa4 Rc8 25. Ne7+ Kh7 26. Nxc8 Nf6 27. Nxd6
exd4 28. Nxd4 Qb8 29. N4b5 Qb6 30. h3 Nh5 31. Qb3 Nf4 32. Qf3 Ng6 33. Qxf7 Ne5
34. Qe7 Ng6 35. Qd7 Ne5 36. Qf5+ Ng6 37. Rc1 a4 38. Rc8 Qa5 39. Nf7 Qe1+ 40.
Kh2 Qxf2 41. Rh8# 1-0